| LEADER |
01279nam0a2200265 450 |
| 001 |
16836878 |
| 010 |
|
|
|a 978-2-413-02825-3
|b rel.
|d 10,95
|
| 100 |
|
|
|a 20210428d2021 u u0frey01 ba
|
| 101 |
0 |
|
|a fre
|
| 102 |
|
|
|a FR
|
| 200 |
0 |
|
|a Envie
|
| 205 |
|
|
|a 12
|
| 207 |
|
1 |
|a
|
| 210 |
|
|
|a Lausanne
|b 27, rue de la Borde
|c Delcourt
|d 2021
|
| 215 |
|
|
|a 1 vol. (45 p.)
|d 30 cm
|
| 330 |
|
|
|a Ishtar, l'incarnation de l'Envie prend son envol pour pervertir le monde, elle atterrit à Kitara pour semer la zizanie dans une réserve naturelle gérée par le prince Akeen. Celui-ci a déjà suffisamment de soucis avec son petit frère, Semmi, envieux du pouvoir de son ainé. Envieux ? Ce garçon est la proie parfaite d'Ishtar, déjà installée dans la réserve, et dont l'influence se répand peu à peu.
|
| 461 |
|
0 |
|t Mythics
|v 12
|
| 700 |
|
0 |
|a Ogaki
|b Philippe
|c Auteur du texte
|4 70
|
| 702 |
|
0 |
|a Picard
|b Alice
|c Illustrateur
|f 1975-....
|4 70
|
| 702 |
|
0 |
|a Sobral
|b Patrick
|c Auteur du texte
|f 1972-....
|4 70
|
| 702 |
|
0 |
|a Lyfoung
|b Patricia
|c Illustrateur
|f 1977-....
|4 70
|
| 702 |
|
0 |
|a Guérin
|b Rémi
|c Auteur du texte
|4 70
|
| 900 |
|
|
|a Bande Dessinée enfant ado
|
| 901 |
|
|
|a Accessible au prêt
|
| 995 |
|
|
|a Bibliothèque
|c Bibliothèque
|f 024021510
|h 024021510
|k BD OGA
|o p
|q j
|r az
|e Bibliothèque
|